| 000 | 00637nam a22002057a 4500 | ||
|---|---|---|---|
| 999 |
_c19100 _d19100 |
||
| 003 | AR-CdUCM | ||
| 008 | 190516b ||||| |||| 00| 0 spa d | ||
| 040 |
_aMUNICIPALIDAD PROVINCIAL DEL CUSCO _cBIBLIOTECA MUNICIPAL DEL CUSCO |
||
| 082 |
_a985.054 / _bM32 |
||
| 245 | _aDos de mayo, Fecha de America 1866 - 1941 / | ||
| 260 |
_aCallao : _bEdiciones patria, |
||
| 300 |
_a102 paginas ; _bIlustraciones, graficos, dibujos, _c22 cm. |
||
| 500 | _aHistoria y literatura | ||
| 505 | _aContenido: | ||
| 650 |
_aCallao _921640 |
||
| 650 |
_aCombate _91267 |
||
| 650 |
_aHistoria _9136 |
||
| 942 |
_2ddc _cLIBROS |
||
| 945 |
_apjha _d2019-05-16 |
||